Les vrais connaisseurs de FOOTBALL - Statistiques

Statistiques générales
  • Ce quiz a été pris 114 fois
  • Le résultat moyen est 3 sur 15
Statistiques - réponses
Hint Réponse % Correct
Quel joueur est devenu le premier footballeur de l’histoire à inscrire un but lors de cinq Coupes du Monde différentes ? Cristiano Ronaldo
90%
Quel joueur est le seul à avoir marqué en finale de Coupe du Monde, d’Euro et de Ligue des Champions ? Zinedine Zidane
57%
Quel joueur est le seul à avoir inscrit un triplé en Ligue des Champions avec l’OM ? Didier Drogba
36%
Quels deux joueurs ont inscrit un triplé chacun contre le Rayo Vallecano en 2015 ? Lionel Messi et Luis Suárez
36%
Quel entraîneur a remporté la Ligue des Champions après avoir été intérimaire lors de la saison, avant de ne pas être confirmé au poste la saison suivante ? Roberto Di Matteo
28%
Quel joueur du Barça détenait le record de buts européens du club avant Messi ? Rivaldo
25%
ui était capitaine de l’OM lors du OM–PSG 2011 (3–0) ? Steve Mandanda
14%
Quel joueur de l’OM a été expulsé depuis le banc lors de la finale de C1 1993 ? Basile Boli
12%
Quel joueur a déjà été remplacé en Premier League parce qu’il avait oublié ses lentilles de contact ? Ali Dia
10%
Quel joueur stéphanois détient le record de matchs européens joués avec l’ASSE ? Oswaldo Piazza
4%
Quel entraîneur qualifie l’ASSE pour sa dernière campagne européenne 2019–2020 ? Ghislain Printant
3%
Lors de la finale de 1976, quel joueur de l’ASSE touche la transversale en premier ? Dominique Bathenay
2%
Quel club détient le record européen d’invincibilité avec 104 matchs sans défaite ? Steaua Bucarest
1%
Quel joueur a inscrit un hat-trick en finale de Coupe du Roi 1978 avec le Barça ? Hans Krankl
0%
Quel club a révélé Juninho Pernambucano avant Vasco da Gama ? Sport Recife
0%
Aucun quiz correspondant
Distribution des résultats
% des personnes avec chaque résultat
Percentile par nombre de réponses
Votre historique - résultats
Vous n’avez pas pris ce quiz